Wireshark network analysis : the official Wireshark certified network analyst study guide (Record no. 10881)
[ view plain ]
| 000 -LEADER | |
|---|---|
| fixed length control field | 00738 a2200193 4500 |
| 020 ## - INTERNATIONAL STANDARD BOOK NUMBER | |
| International Standard Book Number | 978-1-893939-99-8 |
| 020 ## - INTERNATIONAL STANDARD BOOK NUMBER | |
| International Standard Book Number | 1-893939-99-5 |
| 040 ## - CATALOGING SOURCE | |
| Original cataloging agency | DLC |
| 082 04 - DEWEY DECIMAL CLASSIFICATION NUMBER | |
| Classification number | 004.66 |
| 100 ## - MAIN ENTRY--PERSONAL NAME | |
| Personal name | Chappell, Laura |
| 245 00 - TITLE STATEMENT | |
| Title | Wireshark network analysis : the official Wireshark certified network analyst study guide |
| Remainder of title | the official Wireshark certified network analyst study guide |
| Statement of responsibility, etc. | Laura Chappell. |
| 260 ## - PUBLICATION, DISTRIBUTION, ETC. | |
| Place of publication, distribution, etc. | San Jose, , CA : |
| Name of publisher, distributor, etc. | Protocol Analysis Institute, Chappell University, |
| Date of publication, distribution, etc. | c2010. |
| 300 ## - PHYSICAL DESCRIPTION | |
| Extent | xxx,759 p. : |
| Other physical details | ill. ; |
| Dimensions | 25 cm. |
| 500 ## - GENERAL NOTE | |
| General note | Includes index. |
| 650 #7 - SUBJECT ADDED ENTRY--TOPICAL TERM | |
| Topical term or geographic name entry element | Network performance (Telecommunication) |
| 650 #7 - SUBJECT ADDED ENTRY--TOPICAL TERM | |
| Topical term or geographic name entry element | Computer networks |
| General subdivision | Quality control. |
| 856 42 - ELECTRONIC LOCATION AND ACCESS | |
| Uniform Resource Identifier | <a href="http://www.wiresharkbook.com/">http://www.wiresharkbook.com/</a> |
| 942 ## - ADDED ENTRY ELEMENTS (KOHA) | |
| Koha item type | Book |
| Call number prefix | 004.66 CHA |
| Source of classification or shelving scheme | |
| Withdrawn status | Lost status | Damaged status | Not for loan | Collection code | Permanent Location | Current Location | Shelving location | Date acquired | Source of acquisition | Cost, normal purchase price | Total Checkouts | Full call number | Barcode | Date last seen | Date last checked out | Price effective from | Koha item type |
|---|---|---|---|---|---|---|---|---|---|---|---|---|---|---|---|---|---|
| Central Library (CL) | Central Library (CL) | First Floor - Data Communication/Network/Architecture | 04/20/2012 | Global~Link Information Services | 8720.72 | 2 | 004.66 CHA | SEECS011266 | 10/23/2020 | 01/19/2020 | 01/05/2017 | Book |
